Statistics for Minnesota Timberwolves 20 Points Per Game Players

Click here to take the quiz!

General Stats

  • This quiz has been taken 153 times
    (123 since last reset)
  • The average score is 6 of 10

Answer Stats

#PlayersLast% Correct
9Kevin Garnett2007
100%
7Karl-Anthony Towns2024
99%
3Anthony Edwards2024
92%
3Andrew Wiggins2020
89%
3Kevin Love2014
83%
1Jimmy Butler2018
77%
2Tom Gugliotta1998
37%
2Al Jefferson2009
27%
1Isaiah Rider1995
27%
2Tony Campbell1991
15%

Score Distribution

Percentile by Number Answered

Percent of People with Each Score

Your Score History

You have not taken this quiz since the last reset